000 00290nam a2200133Ia 4500
008 100328s9999 xx 000 0 und d
082 _b54937
100 _aNath Suresh
245 _aRamayana
260 _bS.Chand & Company
630 _aRamayana
730 _aRamayana
942 _cBOOK
999 _c541639
_d541636